| 000 | 01225cam a2200301 a 4500 | ||
|---|---|---|---|
| 001 | 5535 | ||
| 003 | FISKH | ||
| 005 | 20241217095318.0 | ||
| 008 | 050126r20051967ndu j 000 1 eng | ||
| 010 | _a 2005921336 | ||
| 020 | _a188393799X (pbk. : acidfree paper) | ||
| 040 |
_aDLC _cDLC _beng |
||
| 050 | _aPZ7.S7475 | ||
| 082 | _a813 | ||
| 100 | 1 | _aSpence, Eleanor. | |
| 245 | 1 | 4 |
_aThe Switherby pilgrims / _cEleanor Spence ; Illustrated by Corinna Gray |
| 260 |
_aLondon : _bOxford University Press, _c1967. |
||
| 300 |
_a170 pages : _cIllustrations ; _b22 cm |
||
| 520 | _aIn 1825, concerned for the future of her ten orphan charges in the grim factory towns of their native England, Miss Arabella Braithewaite, known to the children as Missabella, decides to take a land grant in Australia and makes the long, daunting journey with her wards to the austere bush country of New South Wales. | ||
| 650 | 1 |
_aOrphans _vFiction. |
|
| 650 | 1 |
_aImmigrants _vFiction. |
|
| 650 | 1 |
_aFrontier and pioneer life _vFiction. |
|
| 651 | 1 |
_aAustralia _xHistory _y1788-1851 _vFiction. |
|
| 700 |
_aGray, Corinna _eIllustrator |
||
| 906 |
_a7 _bcbc _corigcop _d2 _eepcn _f20 _gy-gencatlg |
||
| 942 |
_2ddc _cBK _n0 |
||
| 999 |
_c5535 _d5535 |
||